000 00513nam a2200181Ia 4500
008 100917s9999 xx 000 0 und d
082 _b27682
100 _aमिराशी वा. वि.
245 _aकालिदास
260 _bमहाराष्ट्र राज्य साहित्य
_c1975
300 _a315
365 _b11
520 _aनिबंध
630 _aकालिदास
650 _aनिबंध
730 _aकालिदास
942 _cBOOK
999 _c633076
_d633073